000 00251nam a22001217a 4500
008 181015b xxu||||| |||| 00| 0 eng d
041 _aeng
080 _a159.9
100 _a50
101 _aPSI
245 _aPsychology
_cElmes.D.G
942 _2udc
_cBK
999 _c49793
_d49793